| 000 | nkm a22 a 4500 | ||
|---|---|---|---|
| 999 |
_c397387 _d397387 |
||
| 003 | BLK | ||
| 005 | 20210208093216.0 | ||
| 008 | 200925b bu ||||| |||| 00| k|bu d | ||
| 040 | _aBLK | ||
| 041 |
_aRUS _cRUS |
||
| 080 |
_aКосмическа техника. Космонавтика _b629.78 _z629.78(092) |
||
| 080 |
_aСъветски космонавт _b929 Гагарин, Юрий Алексеевич _z929 Гагарин, Юрий Алексеевич |
||
| 100 |
_aГолованов, Ярослав Кириллович _eпърви автор _9322538 |
||
| 139 | _aГолованов, Ярослав Кириллович | ||
| 245 |
_aНаш Гагарин _bКн. о первом космонавте и земле, на которой он родился : Сборник : Фотоальбом _cАвт.-сост. Я. Голованов |
||
| 257 | _aSUN | ||
| 260 |
_9210550 _aМосква _bПрогресс _c1975 _n5-01- |
||
| 300 |
_a316, _b[14] с. : ил.; _c34 см |
||
| 380 | _a62 | ||
| 600 | 0 |
_9321567 _aГагарин, Юрий Алексеевич |
|
| 650 | 0 |
_9289617 _aКосмонавти, съветски |
|
| 653 | 0 |
_9401783 _aснимкови албуми |
|
| 852 |
_aЦб ІІ 5848 _bЦб |
||
| 942 |
_cGRA _n0 _s1 |
||
| 944 |
_aCR _c2021-02-08 _kВ.Т. |
||